| 000 | 01288nam a2200349 c 4500 | ||
|---|---|---|---|
| 003 | BLK | ||
| 005 | 20230125123311.0 | ||
| 008 | 180408b bul|||||r ||||||| ||bul|| | ||
| 010 | _aKNG00070449000 | ||
| 020 |
_a954-412-001-7 _bиздат.: Лъчезар Минчев |
||
| 040 | _aBLK | ||
| 041 |
_aBUL _cBUL |
||
| 080 |
_aАнглийска литература _b821.111 _x-312.4 _z821.111-312.4 |
||
| 100 | 1 |
_aУолъс, Едгар _eпърви автор _9364270 |
|
| 700 | 1 |
_aПачникова, Мая _eпрев. от англ. _9107406 |
|
| 139 |
_aУолъс, Едгар _bУ 69 |
||
| 245 | 1 | 0 |
_aУликата на блестящата карфица _bРоман _cЕдгар Уолъс; прев. от англ. Мая Пачникова. |
| 250 | _aНово изд. | ||
| 257 | _aGBR | ||
| 260 |
_аСофия _bЛъчезар Минчев _c1991 |
||
| 300 |
_a176 с. _c20 см |
||
| 380 | _aX | ||
| 490 | 1 |
_aЕдгар Уолъс _v3 |
|
| 500 | _aОриг. загл. The Clue of the New Pin / Edgar Wallace. - 90 000 тир. | ||
| 653 | _aкрими | ||
| 653 | _aромани | ||
| 852 | _aЦб 166456 | ||
| 856 | 4 |
_qpdf _u |
|
| 856 | 4 |
_qpdf _u |
|
| 942 |
_cKNG _n0 _04 |
||
| 944 |
_aCR _c10.01.2007 _lф / _kЛюдмила_Стоянова |
||
| 944 |
_aED _c21.09.2017 _lф / _kКети_Илиева |
||
| 999 |
_c66161 _d66161 |
||